[Event "Olympiad"]
[Site "Bled SLO"]
[Date "2002.11.07"]
[Round "12"]
[White "Maznitsin,A"]
[Black "Maynard,F"]
[Result "1-0"]
[WhiteElo "2132"]
[BlackElo "2276"]

1.c4 e6 2.Nf3 d5 3.g3 c6 4.b3 Nf6 5.Bg2 Nbd7 6.Bb2 Bd6 7.d4 O-O 8.O-O Re8
9.Nbd2 e5 10.cxd5 cxd5 11.dxe5 Nxe5 12.Nxe5 Bxe5 13.Bxe5 Rxe5 14.Nc4 Re7
15.Ne3 Be6 16.Qd4 Qd7 17.Rad1 Qb5 18.Rfe1 Rae8 19.Qxa7 b6 20.Qa3 Ne4 21.Qb2 f6
22.Rd3 Bf7 23.Red1 Nc5 24.Rd4 Re5 25.Bxd5 Bxd5 26.Rxd5 Rxd5 27.Rxd5 Qb4 28.Qd2 Qe4
29.Rd8 Qe7 30.Qd5+ Kf8 31.Rxe8+ Kxe8 32.Qc6+ Nd7 33.Nd5 Qd8 34.Qe6+ Kf8 35.Qd6+ Ke8
36.a4 Kf7 37.Nxb6 Qxb6 38.Qxd7+ Kf8  1-0

[Event "Olympiad"]
[Site "Bled SLO"]
[Date "2002.11.08"]
[Round "13"]
[White "Gyimesi,Z"]
[Black "Asrian,K"]
[Result "1/2-1/2"]
[WhiteElo "2596"]
[BlackElo "2597"]

1.c4 e6 2.Nf3 d5 3.g3 Nf6 4.Bg2 Be7 5.O-O O-O 6.d4 dxc4 7.Qc2 a6 8.a4 Bd7
9.Qxc4 Bc6 10.Bg5 Bd5 11.Qc2 Be4 12.Qd1 h6 13.Bxf6 Bxf6 14.Nc3 Bxf3 15.Bxf3 c6
16.e3 a5  1/2-1/2

[Event "Olympiad"]
[Site "Bled SLO"]
[Date "2002.11.08"]
[Round "13"]
[White "Rodgaard,J"]
[Black "Najjar,A"]
[Result "1/2-1/2"]
[WhiteElo "2345"]
[BlackElo "2318"]

1.c4 e6 2.Nf3 d5 3.d4 Nf6 4.g3 c6 5.Qc2 Nbd7 6.Bg2 Bd6 7.O-O O-O 8.Nc3 dxc4
9.Nd2 Nb6 10.Nce4 Be7 11.e3 e5 12.dxe5 Ng4 13.Nxc4 Nxc4 14.Qxc4 Nxe5 15.Qc3 Qc7
16.Bd2 Bg4 17.f4 Nd7 18.Nf2 Be6 19.e4 f6 20.Rfd1 Bc5 21.Be3  1/2-1/2

[Event "FSIM Nov"]
[Site "Budapest HUN"]
[Date "2002.11.13"]
[Round "12"]
[White "Fucak,E"]
[Black "Papp,Ge"]
[Result "1/2-1/2"]
[WhiteElo "2322"]
[BlackElo "2275"]

1.Nf3 e6 2.c4 d5 3.e3 Nf6 4.b3 Be7 5.Be2 O-O 6.O-O c5 7.Bb2 Nc6 8.cxd5 Nxd5
9.d4 Bf6 10.e4 Nf4 11.e5 Be7 12.Bb5  1/2-1/2

[Event "Kubanskaja Osen"]
[Site "Krasnodar RUS"]
[Date "2002.11.18"]
[Round "4"]
[White "Malaniuk,V"]
[Black "Geller,J"]
[Result "1/2-1/2"]
[WhiteElo "2556"]
[BlackElo "2433"]

1.c4 e6 2.Nf3 d5 3.d4 c6 4.e3 Nf6 5.Bd3 Nbd7 6.O-O Bd6 7.Nc3 O-O 8.e4 dxc4
9.Bxc4 e5 10.h3 b5 11.Bb3 a6 12.Bg5 h6 13.Bh4 Bb7 14.Bg3 Qc7 15.dxe5 Nxe5
16.Nxe5 Bxe5 17.Bxe5 Qxe5 18.f4 Qc5+ 19.Kh2 Rad8 20.Qe1 Qb6 21.e5 Nd5 22.Nxd5 cxd5
23.f5 Rfe8 24.Qg3 Qc7 25.Rfe1 Kf8 26.Rac1 Qb8 27.Rc2 Re7 28.Rf2 f6 29.e6 Qxg3+
30.Kxg3 Rc7 31.Rc2 Rdc8 32.Rxc7 Rxc7 33.Rd1 Rc5 34.Kf4 a5 35.a3 a4 36.Ba2 Rc2
37.Bxd5 Bxd5 38.Rxd5 Rxb2 39.Rd8+ Ke7 40.Rd7+ Kf8 41.Rf7+ Kg8 42.Rb7 Kf8
43.g3 Rb3 44.Kg4 Rxa3 45.Rxb5 h5+ 46.Kh4 Rf3 47.Rb8+ Ke7 48.g4 hxg4 49.hxg4 Rf1
50.Kh5 Rg1 51.Rb7+ Kf8 52.Rb8+ Ke7 53.Rb4 a3 54.Ra4 a2 55.Rxa2 g6+ 56.Kxg6 Rxg4+
57.Kh6 Rh4+  1/2-1/2

[Event "Kubanskaja Osen"]
[Site "Krasnodar RUS"]
[Date "2002.11.19"]
[Round "5"]
[White "Geller,J"]
[Black "Frolyanov,D"]
[Result "1/2-1/2"]
[WhiteElo "2433"]
[BlackElo "2433"]

1.c4 e6 2.Nf3 d5 3.g3 Nf6 4.Bg2 Be7 5.b3 O-O 6.O-O b6 7.d4 Bb7 8.Nc3 c6 9.Qc2 Nbd7
10.Rd1 Rc8 11.e4 dxe4 12.Ng5 h6 13.Ngxe4 Nxe4 14.Nxe4 Nf6 15.Bf4 Nxe4 16.Qxe4 Bf6
17.Be5 Qe7 18.c5 Bxe5 19.Qxe5 Rfd8 20.Rac1 Rd7 21.b4 Rcd8 22.b5 f6 23.Qe3 bxc5
24.bxc6 Rxd4 25.Rxd4 cxd4 26.Qb3 Bc8 27.c7 Rf8 28.Qb8 Qa3 29.Rd1 Qxa2 30.Bb7 Bxb7
31.Qxb7 Qc4 32.Qxa7 Rc8 33.Qb8 Qxc7 34.Qxc7 Rxc7 35.Rxd4 e5 36.Ra4 Kf7 37.h4 f5
38.Ra6 Re7 39.Kg2 Re6 40.Ra7+ Kf6 41.Ra8 Kf7 42.Ra7+ Re7 43.Ra6 e4 44.Kf1 Rb7
45.Ke2 Rb2+ 46.Ke3 Rb3+ 47.Ke2 Rf3 48.Rb6 Kg8 49.Rb8+ Kh7 50.h5 f4 51.Rf8 fxg3
52.Rxf3 exf3+ 53.Kxf3 gxf2 54.Kxf2 Kg8 55.Ke3 Kf7 56.Kf3 Ke7 57.Ke3 Ke8 58.Ke4 Ke7
59.Ke5 Kf7  1/2-1/2

[Event "WYb14"]
[Site "Heraklio GRE"]
[Date "2002.11.22"]
[Round "9"]
[White "Brkic,A"]
[Black "Malinovsky,K"]
[Result "1-0"]
[WhiteElo "2372"]
[BlackElo "2179"]

1.c4 e6 2.Nf3 d5 3.b3 Nf6 4.Bb2 Be7 5.g3 O-O 6.Bg2 b6 7.O-O Bb7 8.e3 c5 9.Qe2 Nbd7
10.Na3 a6 11.Rfd1 Rc8 12.Rac1 Qc7 13.d4 Qb8 14.cxd5 Nxd5 15.dxc5 Nxc5 16.Nc4 b5
17.Be5 Qa7 18.Nd6 Bxd6 19.Bxd6 Rfe8 20.e4 Nf6 21.Qe3 Ng4 22.Qd4 e5 23.Bxc5  1-0

[Event "It"]
[Site "Torino ITA"]
[Date "2002.11.22"]
[Round "7"]
[White "Sarno,S"]
[Black "Lazic,Mi"]
[Result "1/2-1/2"]
[WhiteElo "2412"]
[BlackElo "2461"]

1.c4 e6 2.Nf3 d5 3.b3 Nf6 4.g3 Be7 5.Bg2 O-O 6.O-O b6 7.Bb2 Bb7 8.e3 Nbd7
9.Qe2 c5 10.d3 Rc8 11.Nc3 Qc7 12.Rfd1 Rfd8 13.cxd5 Nxd5 14.Nxd5 Bxd5 15.e4 Bb7
16.Rac1 Qb8 17.d4 cxd4 18.Nxd4  1/2-1/2

[Event "ch-GRE"]
[Site "Athens GRE"]
[Date "2002.12.05"]
[Round "8"]
[White "Nikolaidis,I"]
[Black "Halkias,S"]
[Result "0-1"]
[WhiteElo "2495"]
[BlackElo "2528"]

1.c4 e6 2.Nf3 d5 3.g3 c5 4.Bg2 Nc6 5.O-O Nf6 6.d4 dxc4 7.Na3 cxd4 8.Nxc4 Bc5
9.Bf4 O-O 10.Rc1 Nd5 11.a3 Nxf4 12.gxf4 a6 13.Nce5 Nxe5 14.Rxc5 Ng6 15.Qxd4 Qxd4
16.Nxd4 Nxf4 17.Bf3 Rd8 18.Nb3 f6 19.Rfc1 e5 20.Kf1 Bh3+ 21.Ke1 Rab8 22.Rc7 e4
23.Bxe4 Re8 24.R1c4 Be6 25.Bxh7+ Kxh7 26.Rxf4 Bxb3 27.Rg4 Kh6 28.Rgxg7 Bd5
29.h4 Bf3 30.Rh7+ Kg6 31.Rhg7+ Kh6 32.Rh7+ Kg6 33.Rhg7+ Kf5 34.Rc5+ Ke6 35.Rc3 Bc6
36.h5 Rg8 37.Rxg8 Rxg8 38.Rh3 Kf5 39.f3 Rh8 40.Kf2 Be8 41.e4+ Kf4 42.h6 Kg5
43.Ke3 Kg6 44.f4 Rxh6 45.f5+ Kg7 46.Rxh6 Kxh6 47.Kf4 Kg7 48.e5 Bc6 49.b3 Bd5  0-1

[Event "ch-POL sf"]
[Site "Lubniewice POL"]
[Date "2002.12.07"]
[Round "8"]
[White "Tazbir,M"]
[Black "Weglarz,L"]
[Result "1/2-1/2"]
[WhiteElo "2254"]
[BlackElo "2332"]

1.c4 e6 2.Nf3 d5 3.b3 Nf6 4.Bb2 Be7 5.g3 O-O 6.Bg2 a5 7.O-O a4 8.bxa4 Nbd7
9.cxd5 exd5 10.Nc3 Nb6 11.d4 Bb4 12.Ne5 Bxc3 13.Bxc3 Nxa4 14.Bd2 Ne4 15.Bb4 Re8
16.Qb3 Be6 17.Rfc1 f6 18.Nd3 Bf7 19.Qc2 c6 20.Rab1 Ra7 21.Qb3 Nd6 22.Re1 Nc4
23.Ra1 b6 24.Qc2 Qc8 25.e4 c5 26.Bc3 Nxc3 27.Qxc3 Ra3 28.Qc2 cxd4 29.exd5 Rc3
30.Qd1 Rxe1+ 31.Nxe1 Qc5 32.Nd3 Qa3 33.Qg4 f5 34.Qxd4 Nd2 35.Ne1 Rc1 36.Rxc1 Qxc1
37.Qe3 Qd1 38.h4 h6 39.Kh2 Nc4 40.Qe7 Qd2 41.Kg1 Qxa2 42.d6 Qa3 43.Qd8+ Kh7
44.d7 Ne5 45.Qxb6 Nxd7 46.Qb1  1/2-1/2

[Event "FSGM Dec"]
[Site "Budapest HUN"]
[Date "2002.12.11"]
[Round "5"]
[White "Anka,E"]
[Black "Radziewicz,I"]
[Result "1/2-1/2"]
[WhiteElo "2462"]
[BlackElo "2421"]

1.c4 e6 2.Nf3 d5 3.b3 Nf6 4.Bb2 c6 5.g3 Bd6 6.Bg2 Qe7 7.d4 Nbd7 8.O-O Ne4
9.Nbd2 f5 10.Nxe4 fxe4 11.Ne5 Nxe5 12.dxe5 Bc5 13.Kh1 O-O 14.f3 Bd7 15.Qd2 Rad8
16.Rfd1 exf3 17.exf3 Be8 18.cxd5 Rxd5 19.Qe2 Bh5 20.Rxd5 cxd5 21.Qd2 g5 22.Bd4 b6
23.Be3 h6 24.f4 Bg6 25.h3 Bxe3 26.Qxe3 Qc5 27.Qd2 Qc2 28.Qxc2 Bxc2 29.Rc1 Bg6
30.Rc6 gxf4 31.Rxe6 Be4 32.gxf4 Rxf4 33.Kg1 Rf5 34.h4 Rf4 35.Bxe4 dxe4 36.Rxh6 Kg7
37.Rf6 Rxh4 38.Kf2 Rh2+ 39.Ke3 Rxa2 40.Kxe4 Re2+ 41.Kd4 Rd2+ 42.Ke4 Re2+
43.Kd4 Rd2+ 44.Kc4 Re2 45.Kd5 Rd2+ 46.Kc6 Rc2+ 47.Kd7 Rc3 48.Rd6 Rxb3 49.e6 Re3
50.Rd1 Kf6 51.Rf1+ Ke5 52.e7 Kd5 53.Rb1 Kc4 54.e8=Q Rxe8 55.Kxe8 a5 56.Rxb6 a4
57.Kd7 a3 58.Kc6 a2 59.Ra6 Kb3 60.Kc5 Kb2  1/2-1/2

[Event "Salona Rapid 1hr"]
[Site "Solin-Spilt CRO"]
[Date "2002.12.12"]
[Round "2"]
[White "Kurajica,B"]
[Black "Pavasovic,D"]
[Result "1-0"]
[WhiteElo "2548"]
[BlackElo "2581"]

1.c4 e6 2.Nf3 d5 3.d4 c6 4.Qc2 Nf6 5.Nbd2 dxc4 6.Nxc4 c5 7.Be3 cxd4 8.Nxd4 Nd5
9.O-O-O Bd7 10.Bd2 Qc7 11.e4 Nb4 12.Qb3 N8a6 13.Kb1 b5 14.Na3 Qe5 15.Bxb5 Bxb5
16.Naxb5 Bc5 17.f3 O-O 18.a3 Rad8 19.Bc3 Bxd4 20.Nxd4 Nd3 21.Nc6 Qg5 22.Nxd8 Rxd8
23.Qc2 Nac5 24.Rd2 Qe3 25.Rhd1 Rd7 26.Bb4  1-0

[Event "16th Masters"]
[Site "Clichy FRA"]
[Date "2002.12.22"]
[Round "9"]
[White "Aleksieva,S"]
[Black "Daurelle,H"]
[Result "1-0"]
[WhiteElo "2342"]
[BlackElo "2217"]

1.c4 e6 2.Nf3 d5 3.g3 c5 4.Bg2 Nf6 5.O-O Nc6 6.b3 Be7 7.Bb2 O-O 8.d3 b6 9.Nbd2 Bb7
10.cxd5 exd5 11.Rc1 Re8 12.Re1 Qd7 13.d4 Rad8 14.Ne5 Qf5 15.Nxc6 Bxc6 16.Qc2 Ne4
17.Nxe4 dxe4 18.b4 c4 19.Qxc4 Bd5 20.Qb5 a6 21.Qa4 b5 22.Qa5 e3 23.f3 Rd6
24.Rc3 Re6 25.Rd1 h5 26.Bc1 Bd6 27.Rdd3 h4 28.Rxe3 hxg3 29.Rxe6 gxh2+ 30.Kh1 Bxe6
31.Qxa6 Bxb4 32.Rc7 Qh5 33.Qc6 Rd8 34.Qe4 Bc4 35.Bf4 Qh4 36.e3 Bf1 37.Bxh2 Bd6
38.Qxh4  1-0

[Event "XVIII Winter Open"]
[Site "Nice FRA"]
[Date "2002.12.27"]
[Round "2"]
[White "Komljenovic,D"]
[Black "Daurelle,H"]
[Result "0-1"]
[WhiteElo "2450"]
[BlackElo "2217"]

1.c4 e6 2.Nf3 d5 3.d4 c5 4.cxd5 exd5 5.g3 Nc6 6.Bg2 Nf6 7.O-O Be7 8.Nc3 O-O
9.Bg5 cxd4 10.Nxd4 h6 11.Be3 Re8 12.a3 Bg4 13.h3 Be6 14.Qa4 Qd7 15.Nxe6 fxe6
16.Rad1 Rad8 17.Kh2 Bd6 18.f4 Kh8 19.Qc2 Qf7 20.Bg1 Bb8 21.b4 e5 22.e3 e4
23.Qa2 Qh5 24.Kh1 a6 25.g4 Nxg4 26.Rxd5 Rxd5 27.Qxd5 Qxd5 28.Nxd5 Nf6 29.Nxf6 gxf6
30.Rd1 f5 31.Rd5 Ne7 32.Rd7 b5 33.Bf2 Kg7 34.Rb7 Kf7 35.Rb6 Rc8 36.Kh2 Nd5
37.Rxa6 Rc2 38.Kg1 Rc1+ 39.Bf1 Bxf4 40.exf4 e3 41.Kg2 Rc2 42.Bxb5 Rxf2+ 43.Kg3 Nxf4
44.Bc4+ Kg7 45.b5 Nh5+ 46.Kh4 Rf4+ 47.Kxh5 Rxc4 48.Re6 Re4 49.Rxe4 fxe4 50.b6 e2
51.b7 e1=Q 52.b8=Q Qa5+ 53.Kg4 Qg5+  0-1

[Event "TCh-NOR Qualifier"]
[Site "NOR"]
[Date "2002.??.??"]
[Round "8"]
[White "Kristensen,Bj"]
[Black "Ogaard,L"]
[Result "0-1"]
[WhiteElo "2406"]
[BlackElo "2387"]

1.c4 e6 2.Nf3 d5 3.b3 Nf6 4.e3 Be7 5.Be2 O-O 6.O-O c5 7.Bb2 Nc6 8.d3 b6 9.Nbd2 Bb7
10.a3 Rc8 11.Rc1 Qc7 12.Rc2 dxc4 13.bxc4 Nd7 14.Ne4 f5 15.Nc3 Bf6 16.d4 cxd4
17.exd4 Na5 18.Re1 Rfd8 19.d5 e5 20.Nb5 Qb8 21.d6 Be4 22.Rc1 Nb7 23.Bf1 a6
24.Nc7 Ndc5 25.Bxe5 Bxe5 26.Nxe5 Rxc7 27.Rxe4 fxe4 28.dxc7 Qxc7 29.Qh5 Nd3
30.Nxd3 exd3 31.Bxd3 g6 32.Qf3 Nc5 33.Be4 Re8 34.Bd5+ Kg7 35.g3 Re7 36.Qc3+ Qe5
37.Qxe5+ Rxe5 38.Rb1 b5 39.f4 Rf5 40.Kf2 g5 41.Ke3 gxf4+ 42.gxf4 Na4 43.Be4 Rc5
44.cxb5 axb5 45.Kd4 Rc4+ 46.Ke5 Rxe4+ 47.Kf5 Nc3 48.Rg1+ Kf7 49.Rg5 Rd4 50.Kg4  0-1

[Event "ch-IND"]
[Site "Mumbai IND"]
[Date "2003.01.20"]
[Round "5"]
[White "Kunte,A"]
[Black "Suvrajit,S"]
[Result "1-0"]
[WhiteElo "2507"]
[BlackElo "2390"]

1.c4 e6 2.Nf3 d5 3.g3 Nf6 4.Bg2 Be7 5.O-O O-O 6.d4 c6 7.Qc2 Nbd7 8.b3 b6
9.Rd1 Ba6 10.Nbd2 c5 11.e4 dxc4 12.Nxc4 cxd4 13.Nxd4 Rc8 14.e5 Nd5 15.Qb2 Bb4
16.Bd2 Bxd2 17.Qxd2 Rc5 18.f4 b5 19.Nd6 b4 20.Bxd5 Rxd5 21.Qxb4 Qa8 22.Rac1 g5
23.Qa4 Nc5 24.Rxc5 Rxc5 25.Qxa6 gxf4 26.Qe2 Kh8 27.Nf3 fxg3 28.hxg3 Rd5 29.Ng5 Rxd1+
30.Qxd1 Qd5 31.Ngxf7+  1-0

[Event "TSGM Jan"]
[Site "Novi Sad YUG"]
[Date "2003.01.25"]
[Round "10"]
[White "Feletar,D"]
[Black "Laketic,G"]
[Result "1/2-1/2"]
[WhiteElo "2434"]
[BlackElo "2426"]

1.c4 e6 2.Nf3 d5 3.g3 Nf6 4.Bg2 Be7 5.O-O O-O 6.d4 dxc4 7.Qc2 a6 8.Qxc4 b5
9.Qc2 Bb7 10.Bg5 Nbd7 11.Bxf6 Nxf6 12.Nbd2 Rc8 13.Nb3 c5 14.dxc5 Bd5 15.Ne1 Bxg2
16.Nxg2 Nd7 17.Rfd1 Qc7 18.c6 Nb8 19.Rac1 Qxc6 20.Qxc6 Rxc6 21.Nf4 Rfc8 22.Nd3 Rxc1
23.Rxc1 Rxc1+ 24.Nbxc1 Nc6 25.Nb3  1/2-1/2

[Event "3rd IM"]
[Site "Griesheim GER"]
[Date "2003.01.31"]
[Round "3"]
[White "Boidman,Y"]
[Black "Wegerle,J"]
[Result "1/2-1/2"]
[WhiteElo "2400"]
[BlackElo "2365"]

1.c4 e6 2.Nf3 d5 3.e3 Nf6 4.d4 c6 5.Bd3 Nbd7 6.O-O a6 7.a4 dxc4 8.Bxc4 c5
9.Nc3 Be7 10.dxc5 Nxc5 11.Qxd8+ Bxd8 12.b4 Nce4 13.Nxe4 Nxe4 14.Bb2 Bf6 15.Ne5 Nd2  1/2-1/2

[Event "Gibraltar Masters"]
[Site "Catalan Bay ENG"]
[Date "2003.02.01"]
[Round "5"]
[White "McNab,C"]
[Black "Barsov,A"]
[Result "1/2-1/2"]
[WhiteElo "2423"]
[BlackElo "2525"]

1.c4 e6 2.Nf3 d5 3.b3 Be7 4.Bb2 Bf6 5.Qc1 Bxb2 6.Qxb2 Nf6 7.Nc3 O-O 8.e3 b6
9.Be2 Bb7 10.cxd5 Nxd5 11.Nxd5 Bxd5 12.O-O c5 13.d4 Nd7 14.Rad1 Qc7 15.Rc1 Qb7
16.Rfd1 Rfc8 17.Ne1 cxd4  1/2-1/2

[Event "11th Aosta Open"]
[Site "Saint Vincent ITA"]
[Date "2003.02.13"]
[Round "6"]
[White "Contin,D"]
[Black "Flear,G"]
[Result "1/2-1/2"]
[WhiteElo "2330"]
[BlackElo "2503"]

1.c4 e6 2.Nf3 d5 3.g3 dxc4 4.Qa4+ Nd7 5.Qxc4 a6 6.Bg2 b5 7.Qc6 Rb8 8.O-O Bb7
9.Qc2 c5 10.b3 Ngf6 11.Bb2 Be7 12.d3 O-O 13.Nbd2 Rc8 14.Rac1 Qb6 15.Qb1 Rfd8
16.Rfd1 Qa7 17.a3 Qa8 18.Bh3 h6 19.Qa1 Ne8 20.a4 Nb6 21.Ne5 Nd5 22.Ndf3 Bf6
23.Rd2 Nb4 24.Qa3 Bxf3 25.Nxf3 Bxb2 26.Qxb2 Nxd3 27.Rxd3 Rxd3 28.exd3 Qxf3
29.axb5 axb5 30.Qe5 Qxd3 31.Rxc5 Rxc5 32.Qxc5 Nd6 33.Bf1 Qd5 34.Qb6 g5 35.h4 gxh4
36.Qd8+ Kg7 37.Qxh4 Nf5 38.Qg4+ Kf6 39.b4 Qd4 40.Qf3 Kg7 41.Bxb5 Qxb4 42.Bd3 Nd6
43.Qe3 Qc3 44.Kh2 Ne8 45.Kg2 Nf6 46.Qf3 Qd4 47.Kg1 Ng4 48.Be2 Ne5 49.Qh5 Qe4
50.f4 Ng6 51.Qb5 Qd4+ 52.Kg2 Ne7 53.Qd3 Qb2 54.Qb5 Qd4 55.Qd3 Qa1 56.Qd1 Qb2
57.Kh3 Nf5 58.Qd3 Qa1 59.Qf3 Qe1 60.Bd3 Ne3 61.Qe4 f5 62.Qb7+ Kf6 63.Qa8 Ke7
64.Bb5 Qd1 65.Qe8+ Kd6 66.Qc6+ Ke7 67.Qe8+ Kd6 68.Qc6+ Ke7  1/2-1/2

[Event "Open"]
[Site "Cappelle la Grande FRA"]
[Date "2003.02.24"]
[Round "3"]
[White "Fominyh,A"]
[Black "Efimov,I"]
[Result "1/2-1/2"]
[WhiteElo "2551"]
[BlackElo "2480"]

1.c4 e6 2.Nf3 d5 3.d4 a6 4.cxd5 exd5 5.Nc3 Nc6 6.Qb3 Bb4 7.Bf4 Nge7 8.e3 O-O
9.Be2 Bd6 10.Bg3 Bf5 11.a3 Bxg3 12.hxg3 Qd6 13.Ng5 h6 14.Nh3 Na5 15.Qa2 Bxh3
16.Rxh3 b5 17.g4 c6 18.Bd3 Rfe8 19.Rc1 Rac8 20.b3 Nb7 21.b4 a5 22.Rb1 axb4
23.axb4 Ra8 24.Qc2 Qf6 25.Kf1 Nd6 26.g3 Nec8 27.Kg2 Nb6 28.Rbh1 Nbc4 29.Qc1 Ra3
30.Rh5 Kf8 31.Bb1 Rb3 32.Ne2 Rb2 33.Bd3 Re4 34.g5 hxg5 35.Rh8+ Ke7 36.Qa1 g4
37.Nf4 Nxe3+ 38.Kg1 Qxd4 39.Qa8 Rxf4 40.Qd8+ Ke6 41.Re8+ Nxe8 42.Qxe8+ Kd6
43.Qd8+ Ke5  1/2-1/2

[Event "ch-CZE"]
[Site "Lahucovice CZE"]
[Date "2003.02.24"]
[Round "7"]
[White "Konopka,M"]
[Black "Jirovsky,M"]
[Result "0-1"]
[WhiteElo "2448"]
[BlackElo "2457"]

1.c4 e6 2.Nf3 d5 3.g3 Nf6 4.Bg2 Be7 5.O-O O-O 6.d4 dxc4 7.Qc2 a6 8.Qxc4 b5
9.Qc2 Bb7 10.Bg5 Nbd7 11.Bxf6 Nxf6 12.Nbd2 Rc8 13.Nb3 Be4 14.Qc1 c5 15.dxc5 Qc7
16.Rd1 Bxc5 17.Nxc5 Qxc5 18.Qxc5 Rxc5 19.Rac1 Rcc8 20.Ne5 Bxg2 21.Kxg2 h6
22.f4 Nd5 23.Kf3 Nb4 24.a3 Nc2 25.Kf2 b4 26.Rd2 b3 27.Rd3 f6 28.Ng6 Rfe8
29.Rxb3 e5 30.Rb7 Rc4 31.Ne7+ Kf8 32.Ng6+ Kg8 33.Ne7+ Kf8 34.Nf5 Rd8 35.Nxg7 Rd2
36.fxe5 Re4 37.Ne6+ Kg8 38.Kf3 Rexe2 39.Nf4 Rxe5 40.Rb8+ Kf7 41.Rb7+ Ke8
42.Rc7 Nd4+ 43.Kg4 Rxh2 44.Rc8+ Kd7 45.R1c7+ Kd6 46.Rd8+ Kxc7 47.Rxd4 h5+
48.Kf3 Rxb2 49.Nd5+ Kc6  0-1

[Event "11th Fajr Open"]
[Site "Tehran IRI"]
[Date "2003.03.03"]
[Round "7"]
[White "Akbarinia,S"]
[Black "Nasri,A"]
[Result "0-1"]
[WhiteElo "2256"]
[BlackElo "2206"]

1.c4 e6 2.Nf3 d5 3.d4 Nf6 4.Nbd2 Be7 5.g3 O-O 6.Bg2 c5 7.O-O cxd4 8.cxd5 Qxd5
9.Nb3 Qh5 10.Qxd4 Nc6 11.Qf4 h6 12.e4 e5 13.Qe3 Be6 14.Bd2 Ng4 15.Qe1 Bxb3
16.axb3 Nd4 17.h3 Nxf3+ 18.Bxf3 Qxh3 19.Bxg4 Qxg4 20.Bc3 f6 21.Qe3 Bd8 22.Ba5 Be7
23.Qd3 Kh8 24.Qd5 Rac8 25.Qxb7 Bc5 26.Kg2 Bd4 27.Rac1 Rxc1 28.Rxc1 Qe2 29.Be1 Kh7
30.Qc6 f5 31.Qc2 Qxe4+ 32.Qxe4 fxe4 33.Rc4 Rf3 34.b4 g5 35.Rc2 Kg6 36.Rc6+ Rf6
37.b5 h5 38.Bb4 Kg7 39.Rc2 Rf7 40.Re2 Rf3 41.Bc3 Rd3 42.Rxe4 Kf6 43.Bxd4 Rxd4
44.Kf3 Rxe4 45.Kxe4 Ke6 46.b4 h4 47.Kf3 Kf5 48.Kg2 hxg3 49.Kxg3 g4 50.f3 gxf3
51.Kxf3 e4+ 52.Ke3 Ke5 53.Ke2 Kd4 54.Kd2 e3+ 55.Ke2 Ke4 56.Ke1 Kd3 57.Kd1 e2+
58.Ke1 Ke3 59.b6 axb6  0-1

[Event "Jch-RUS b20"]
[Site "Essentuki RUS"]
[Date "2003.03.08"]
[Round "6"]
[White "Tomashevsky,E"]
[Black "Yudin,S"]
[Result "1-0"]
[WhiteElo "2444"]
[BlackElo "2406"]

1.c4 e6 2.Nf3 d5 3.g3 Nf6 4.Bg2 Be7 5.O-O O-O 6.b3 c5 7.e3 Nc6 8.Qe2 e5 9.cxd5 Nxd5
10.Ne1 Be6 11.Bb2 Qd7 12.d3 Rae8 13.Nd2 f5 14.e4 Nc7 15.Nef3 Bf6 16.exf5 Bxf5
17.Ne4 b6 18.Nfd2 Nd4 19.Bxd4 exd4 20.Nc4 Bxe4 21.Bxe4 Nb5 22.Qh5 g6 23.Qd5+ Qxd5
24.Bxd5+ Kg7 25.Bc6 Nc3 26.Bxe8 Rxe8 27.Rfe1 Rd8 28.a4 Kf7 29.Kf1 Rd7 30.Kg2 Rd8
31.f4 Rd7 32.Kf3 Rd8 33.h4 Rd5 34.Nd2 Rd7 35.Nc4 Rd5 36.Rac1 Rd7 37.g4 Rd5
38.Rc2 h5 39.Rg2 Bxh4 40.Ne5+ Kg7 41.Rh1 Bf6 42.Nc4 Kf7 43.Rgh2 hxg4+ 44.Kxg4 Bg7
45.Re1 Rd7 46.Rf2 Nd5 47.f5 Ne3+ 48.Nxe3 dxe3 49.fxg6+ Kxg6 50.Rxe3 Rd4+
51.Kh3 Rd7 52.Rff3 Bc3 53.Re4 Bd4 54.Rg4+ Kh7 55.Kg2 Bg7 56.Kf1 Re7 57.Re4 Rd7
58.Ke2 Kg6 59.Rg4+ Kh7 60.b4 cxb4 61.Rxb4 Bd4 62.Rf4 Re7+ 63.Re4 Rxe4+ 64.dxe4 Be5
65.Rb1 Kg6 66.Rf1  1-0

[Event "Tch-SWE 2002-3"]
[Site "Sweden SWE"]
[Date "2003.03.16"]
[Round "11"]
[White "Nordlund,F"]
[Black "Friberg,H"]
[Result "0-1"]
[WhiteElo "2180"]
[BlackElo "2243"]

1.c4 e6 2.Nf3 d5 3.e3 Nf6 4.b3 Be7 5.Be2 O-O 6.O-O b6 7.Bb2 Bb7 8.Qc2 c5
9.d3 Nc6 10.cxd5 Nxd5 11.a3 Bf6 12.Nbd2 Bxb2 13.Qxb2 Qf6 14.Rfb1 Nc3 15.Ne4 Nxe4
16.dxe4 Qxb2 17.Rxb2 Rfd8 18.b4 cxb4 19.axb4 Rd7 20.Bb5 Rc7 21.Rc2 Rcc8 22.Rb2 Kf8
23.Kf1 a6 24.Bd3 b5 25.Ke2 Ke7 26.Ra3 g6 27.Nd2 Ne5 28.f3 Rc1 29.Rb1 Rac8
30.Rab3 R1c7 31.R1b2 Rd7 32.Rc2 Rxd3 33.Rxc8 Rxd2+ 34.Kxd2 Bxc8 35.Kc3 f6
36.h4 Kd6 37.Rb1 Nc6 38.Rd1+ Kc7 39.Rh1 Kb6 40.Rd1 a5 41.bxa5+ Kxa5 42.h5 b4+
43.Kc4 Kb6 44.hxg6 hxg6 45.Rd6 Ba6+ 46.Kb3 Kc5 47.Rd7 Bc4+ 48.Kb2 Ne5 49.Rg7 g5
50.f4 gxf4 51.exf4 Nd3+ 52.Kb1 Nxf4 53.Rf7 Bd3+ 54.Ka1 Nxg2 55.Rxf6 e5 56.Re6 Kd4
57.Rb6 Kc3 58.Rb8 Ne3 59.Re8 Nc4 60.Rb8 Bxe4 61.Rb5 Bd3  0-1

[Event "19th Spring Fest"]
[Site "Budapest HUN"]
[Date "2003.03.20"]
[Round "7"]
[White "Habibi,Al"]
[Black "Telbis,G"]
[Result "1-0"]
[WhiteElo "2276"]
[BlackElo "2216"]

1.c4 e6 2.Nf3 d5 3.e3 Nf6 4.b3 Be7 5.Bb2 O-O 6.d3 b6 7.a3 Bb7 8.Nbd2 Nbd7
9.Qc2 c5 10.Be2 Rc8 11.O-O Qc7 12.Rac1 Qb8 13.Qb1 Rfd8 14.Rfd1 a6 15.Qa1 Bd6
16.Nf1 e5 17.cxd5 Bxd5 18.N3d2 b5 19.e4 Be6 20.Ne3 Ne8 21.Nf3 Bxb3 22.Rd2 f6
23.Nh4 Bf7 24.g3 Nc7 25.Bg4 Be6 26.Bd1 Bf8 27.f4 exf4 28.gxf4 Ne8 29.e5 fxe5
30.fxe5 Be7 31.Nf3 Nf8 32.Be2 Ng6 33.Ng2 Bd5 34.Rf1 Nc7 35.Bd1 Ne6 36.Ne3 Bxf3
37.Bxf3 Bg5 38.Re1 Nd4 39.Be4 Nxe5 40.Rg2 Nef3+ 41.Kh1 Nxe1 42.Qxe1 Qf4 43.Nd5 Qh4
44.Qg1 h6 45.Rg4 Ne2 46.Ne7+ Kh8 47.Bxg7+ Kxg7 48.Qa1+ Nd4 49.Nf5+ Kh8 50.Nxh4 Kg7
51.Nf3 Kf6 52.h4 Be3 53.Qe1 Nxf3 54.Qxe3  1-0

[Event "XII It II"]
[Site "Dos Hermanas ESP"]
[Date "2003.04.03"]
[Round "6"]
[White "Matamoros Franco,C"]
[Black "Cifuentes Parada,R"]
[Result "1/2-1/2"]
[WhiteElo "2461"]
[BlackElo "2506"]

1.c4 e6 2.Nf3 d5 3.b3 Nf6 4.g3 Be7 5.Bg2 O-O 6.O-O b6 7.Bb2 Bb7 8.e3 c5 9.Nc3 dxc4
10.bxc4 Nc6 11.Qe2 Qc7 12.Rfd1 Rfd8 13.Rac1 a6 14.d3 Rab8  1/2-1/2

[Event "ch-SCO"]
[Site "Edinburgh SCO"]
[Date "2003.04.05"]
[Round "1"]
[White "MacDonald,C"]
[Black "Grant,J"]
[Result "1/2-1/2"]
[WhiteElo "2019"]
[BlackElo "2253"]

1.c4 e6 2.Nf3 d5 3.b3 c5 4.g3 Nc6 5.Bg2 d4 6.d3 Bd6 7.e3 e5 8.exd4 exd4 9.O-O h6
10.Nbd2 f5 11.Nh4 Qf6 12.Qh5+ Qf7 13.Qg6 Nf6 14.Re1+ Ne7 15.Bd5 Qxg6 16.Nxg6 Rh7
17.Ba3 Nxd5 18.cxd5 Kf7 19.Nxe7 Bxe7 20.Re2 b5 21.Rae1 Bd6 22.Rc1 Bb7 23.Re6 Bf8
24.Re5 g6 25.Bxc5 Rc8 26.b4 Bd6 27.Re6 Bxc5 28.Rxc5 Rxc5 29.bxc5 Bxd5 30.Ra6 Ke8
31.Nb3 Rc7 32.Nxd4 Rxc5 33.Kf1 Kf7 34.Rxa7+ Kf6 35.f4 Rc1+ 36.Ke2 Rh1 37.Ra6+ Kg7
38.Nxb5 Rxh2+ 39.Ke3 Rg2 40.Ra7+ Kf8 41.Kd4 Bxa2 42.Ra8+ Kg7 43.Ra7+ Kf8  1/2-1/2

[Event "Team Cup"]
[Site "Belgrade YUG"]
[Date "2003.04.06"]
[Round "3"]
[White "Arsovic,G"]
[Black "Certic,B"]
[Result "0-1"]
[WhiteElo "2451"]
[BlackElo "2391"]

1.Nf3 e6 2.c4 d5 3.d4 Nc6 4.Nc3 a6 5.Bg5 Be7 6.Bxe7 Ngxe7 7.e3 O-O 8.Bd3 dxc4
9.Bxc4 Nf5 10.O-O Re8 11.Bb3 b6 12.Ba4 Bb7 13.e4 Nh4 14.Nxh4 Qxh4 15.d5 exd5
16.exd5 Rad8 17.Qc1 b5 18.dxc6 Bxc6 19.Bd1 Rd6 20.Ne2 Bxg2 21.Kxg2 Rxe2 22.Qxc7 Qe4+
23.Kg1 Rg6+ 24.Qg3 Rxg3+ 25.hxg3 Rxb2 26.Bb3 h5 27.Rae1 Qf5 28.Rd1 h4 29.Rd8+ Kh7
30.Rd5 Qf3  0-1

[Event "Classics IM"]
[Site "Gausdal NOR"]
[Date "2003.04.06"]
[Round "5"]
[White "Rodgaard,J"]
[Black "Leer Salvesen,B"]
[Result "1/2-1/2"]
[WhiteElo "2349"]
[BlackElo "2331"]

1.c4 e6 2.Nf3 d5 3.d4 c6 4.Nbd2 Nf6 5.e3 Nbd7 6.Bd3 Bd6 7.e4 e5 8.cxd5 cxd5
9.exd5 O-O 10.O-O exd4 11.Ne4 Bc5 12.Bg5 Qb6 13.Nxc5 Qxc5 14.Nxd4 Qxd5 15.Nf5 Kh8
16.Bc2 Qe5 17.Qd4 Qxd4 18.Nxd4 Nd5 19.Bb3 N7b6 20.Rac1 Bd7 21.Rfd1 Rac8 22.Nf3 Be6
23.Nd4 Bd7 24.Nf3 Be6 25.Nd4  1/2-1/2

[Event "Classics GM"]
[Site "Gausdal NOR"]
[Date "2003.04.07"]
[Round "6"]
[White "Daly,C"]
[Black "Bluvshtein,M"]
[Result "1-0"]
[WhiteElo "2353"]
[BlackElo "2451"]

1.c4 e6 2.Nf3 d5 3.d4 c5 4.cxd5 exd5 5.Nc3 Nc6 6.g3 Nf6 7.Bg2 Be7 8.O-O O-O
9.Bg5 c4 10.Ne5 Be6 11.b3 Qa5 12.Nxc6 bxc6 13.Qd2 Rad8 14.Rfd1 Bb4 15.Bxf6 gxf6
16.Rdc1 Kg7 17.bxc4 dxc4 18.a3 Be7 19.e3 Qa6 20.Ne2 Bd6 21.Qc2 Rb8 22.Qe4 Rb2
23.Nf4 Bxf4 24.Qxf4 Rd8 25.Qc7 Rc8 26.Qf4 Rd8 27.g4 h6 28.h4 Rb5 29.Rc3 Qb6
30.Rac1 c5 31.g5 hxg5 32.hxg5 cxd4 33.gxf6+ Kf8 34.exd4 Rxd4 35.Qh6+ Ke8
36.Rg3 Rb1 37.Bc6+ Kd8 38.Rxb1 Qxb1+ 39.Kg2 Kc7 40.Bf3 Qb5 41.Qe3 Qc5 42.Rg5 Qd6
43.Qc3 Qb6 44.a4 a6 45.Qa3 Rd6 46.a5 Qa7 47.Qb4 Kd7 48.Rc5 Ke8 49.Rc8+ Kd7
50.Rc6  1-0